00437nam a2200133Ia 450000500170000000800410001702000140005808200130007210000120008524500760009726000430017330000130021650000740022920250704022528.0240331s9999 xx 000 0 und d a955210223 bKNOa954 aKnox, R 3aAn historical relation of the island Ceylon :bsecond edition-Volume II aNugegodabM.D.Gunasena Boo k& Coc1992 a385 p ., aSinhala Translation of An Historical Relation of the island of Ceylon